Sistema nacional de ciencia y tecnología (Registro nro. 1336)

Detalles MARC
000 -CABECERA
Campo de control 00731nam a2200217 a 4500
005 - FECHA Y HORA DE LA ULTIMA TRANSACCION
Campo de control 20200514205607.0
008 - ELEMENTOS DE LONGITUD FIJA—INFORMACION GENERAL
Campo de control 200514b ||||| |||| 00| 0 spa d
020 ## - ISBN
ISBN 9589037798 9789589037799
040 ## - FUENTE DE CATALOGACIÓN
Agencia catalogadora original CO-BoIAVH
Agencia transcriptora CO-BoIAVH
041 ## - IDIOMA
Código de idioma para texto/pista de sonido o título separado Español
082 ## - NUMERO DE CLASIFICACION DECIMAL DEWEY
Número de clasificación 303.483
090 ## - CLASIFICACIÓN LOCAL
Colección LB
Consecutivo 01328
110 ## - ASIENTO PRINCIPAL--NOMBRE CORPORATIVO
Unidad subordinad Instituto Colombiano para el Desarrollo de la Ciencia y la Tecnología "Francisco José de Caldas"
245 ## - MENCION DE TITULO
Título Sistema nacional de ciencia y tecnología
Parte restante del título conocimiento para el desarrollo
260 ## - PUBLICACION, DISTRIBUCION, ETC. (PIE DE IMPRENTA)
Lugar de publicación, distribución, etc. Bogotá
Nombre del editor, distribuidor, etc. COLCIENCIAS
Fecha de publicación, distribución, etc. 1998
300 ## - DESCRIPCION FISICA
Extensión 148 p.
650 ## - ASIENTO SECUNDARIO DE MATERIA - TERMINO TEMATICO
Término temático o nombre geográfico como elemento de entrada Sistema Nacional de Ciencia y Tecnología
650 ## - ASIENTO SECUNDARIO DE MATERIA - TERMINO TEMATICO
Término temático o nombre geográfico como elemento de entrada Desarrollo sostenible
662 ## - ASIENTO SECUNDARIO DE MATERIA - JERARQUIA DEL NOMBRE DE LUGAR(
País o entidad mayor Colombia
942 ## - ELEMENTOS ADICIONALES (KOHA)
Tipo de ítem Libro
Sistema de clasificación Dewey Decimal Classification
Existencias
Withdrawn status Lost status Sistema de Clasificación Damaged status No para préstamo Colección Ubicación Permanente Ubicación actual Fecha de adquisición Total Checkouts Número topográfico Inventario / Código de Barras Date last seen Ejemplar Price effective from Tipo de material
    Dewey Decimal Classification     General Villa de Leyva Villa de Leyva 04/12/2012   LB-01328 AUTO_2264 04/12/2012 Ej. 04/12/2012 Libro